00517nam a2200145Ia 4500008004100000245011200041260002600153260000900179300000800188650002600196650001200222856004500234999001900279952007300298170516s9999 xx 000 0 und d 2aA new Diffusion Metric, Diffusion Kurtosis Imaging, used in the Serial Examination of a Patient with Stroke bActa Radiologica Open c2013 a1:1 xRadiologic Technology xRadtech uhttp://journals.sagepub.com/toc/arra/1/1 c332104d332104 001040aCLbCLd2017-05-16l0r2017-05-16 00:00:00w2017-05-16yFOJ